[Event "GER-chT U20"]
[Site "Magdeburg"]
[Date "2023.12.28"]
[Round "4.8"]
[White "Dietz, Maximilian"]
[Black "Becker, Samuel"]
[Result "1-0"]
[WhiteElo "1463"]
[BlackElo "1338"]
[PlyCount "101"]
[EventDate "2023.12.26"]
[EventType "team-swiss"]
[EventRounds "7"]
[EventCountry "GER"]
[SourceTitle "CB03_2024"]
[SourceDate "2024.01.17"]
[SourceVersion "1"]
[SourceVersionDate "2024.01.17"]
[SourceQuality "1"]
[WhiteTeam "Magdeburg USC"]
[BlackTeam "Essen Katernberg"]
[WhiteTeamCountry "GER"]
[BlackTeamCountry "GER"]

1. e4 e6 2. d4 d5 3. Nc3 Nf6 4. e5 Nfd7 5. f4 c5 6. Nf3 Nc6 7. Be3 Be7 8. Be2 0-0 9. 0-0 b6 10. Qd2 f5 11. Nd1 cxd4 12. Bxd4 Nxd4 13. Nxd4 Bc5 14. b4 Bxd4+ 15. Qxd4 a5 16. c3 Qe7 17. Rf3 axb4 18. cxb4 Ba6 19. b5 Bb7 20. a4 Qc5 21. Qxc5 Nxc5 22. Nb2 Rfc8 23. Rc3 Ne4 24. Rxc8+ Bxc8 25. Bd3 Nc5 26. Rc1 Bd7 27. Rc3 h6 28. h4 Nxa4 29. Ra3 Rc8 30. Rxa4 Rc3 31. Rb4 Be8 32. Be2 Rc2 33. Bf3 Rc5 34. Na4 Rxb5 35. Rxb5 Bxb5 36. Nxb6 Kf7 37. Kf2 g6 38. Nc8 Bc6 39. Nd6+ Ke7 40. Be2 h5 41. Bb5 Bxb5 42. Nxb5 Kd7 43. Ke3 Kc6 44. Nd6 Kd7 45. Kd4 Kc6 46. Nf7 Kd7 47. Ng5 Ke7 48. Nxe6 Kxe6 49. g3 Ke7 50. Kxd5 Kd7 51. e6+ 1-0